01326cam a2200241 i 450000100100000000500170001000800410002701000130006804000230008104300120010405000210011624501290013725000110026626001020027730000210037949000260040050400410042650504900046765000430095761000350100070000270103570000220106200001325420200929163157.0780309s1975 cr b f000 0 spa  a78339507 aDO-SdBNPcDLCdDLC anc-----00aHG5172b.I5 197503aLa Inversion extranjera en Centroamerica /c[Susana Bodenheimer ... et al.] ; seleccion, prologo y notas de Rafael Menjivar. a2. ed. aCiudad Universitaria Rodrigo Facio, Costa Rica :bEditorial Universitaria Centroamericana,c1975. a362 p. :b17 cm.0 aColeccion Integracion aIncludes bibliographical references.0 aBodenheimer, S. Jonas. El Mercomun y la ayuda norteamericana.--Bauer Paiz, A. El proceso de integracion economica centroamericana y el papel del capital norteamericano.--Tobis, D. La falacia de las inversiones norteamericanas en Centroamerica.--Torres-Rivas, E. Poder nacional y sociedad dependiente.--Gorostiaga, X. La inversion extranjera en Panama y su impacto en la estructura economica del pais.--Quintana Diaz, V. La inversion extranjera de algunas corporaciones transnacionales. 0aInvestments, foreignzCentral America.20aMercado Comun Centroamericano.1 aJonas, Susanne,d1941-1 aMenjivar, Rafael.